Greening make good (Record no. 110142)

MARC details
000 -LEADER
fixed length control field 01718cad a22002295a 4500
001 - CONTROL NUMBER
control field E148636
008 - FIXED-LENGTH DATA ELEMENTS--GENERAL INFORMATION
fixed length control field 091013s2009 at f 000 0 eng d
035 ## - SYSTEM CONTROL NUMBER
System control number (Sirsi) u148636
041 0# - LANGUAGE CODE
Language code of text/sound track or separate title eng
050 04 - LIBRARY OF CONGRESS CALL NUMBER
Classification number 346.410434 $2 18
110 2# - MAIN ENTRY--CORPORATE NAME
Corporate name or jurisdiction name as entry element Royal Institution of Chartered Surveyors
Subordinate unit Oceania
9 (RLIN) 5802
245 00 - TITLE STATEMENT
Title Greening make good
Remainder of title Australia
Medium [electronic resource]
260 ## - PUBLICATION, DISTRIBUTION, ETC.
Place of publication, distribution, etc. Sydney
Name of publisher, distributor, etc. RICS Oceania
Date of publication, distribution, etc. 2009
505 2# - FORMATTED CONTENTS NOTE
Formatted contents note Introduction -- Tenants' make good obligations and landlord's rights -- Repair covenants and make good -- Who should carry out the works? -- Recognising and factoring in competing interests -- Guidance to tenants to minimise make good: assessing the premises before signing a lease; planning your fit out -- Make good, new approaches: agreement of make good at lease commencement; what is the best environmental approach for new leases? -- Greening make good advantages: landlord; tenant; issues to address -- Using a make good deed at lease end to reduce cost and waste: preparing a make good claim; make good deed; advantages of the make good deed; disadvantages of the make good deed -- Appendix 1, green make good deed -- References
520 ## - SUMMARY, ETC.
Summary, etc. Provides guidance on reducing waste during the 'make good' process at the end of a lease through planning, agreement, sharing responsibility and ensuring that the parties carrying out the work do so in an environmentally acceptable manner.
521 ## - TARGET AUDIENCE NOTE
Target audience note Advanced
590 ## - LOCAL NOTE (RLIN)
Local note KA
651 #4 - SUBJECT ADDED ENTRY--GEOGRAPHIC NAME
Geographic name Australia
690 ## - LOCAL SUBJECT ADDED ENTRY--TOPICAL TERM (OCLC, RLIN)
Topical term or geographic name as entry element BUILT ENVIRONMENT-BUILDING SURVEYING-DILAPIDATIONS SURVEYING
856 40 - ELECTRONIC LOCATION AND ACCESS
Uniform Resource Identifier <a href="https://www.rics.org/site/scripts/download_info.aspx?fileID=4436&categoryID=474">https://www.rics.org/site/scripts/download_info.aspx?fileID=4436&categoryID=474</a>
Public note View the item free of charge at www.rics.org...
942 ## - ADDED ENTRY ELEMENTS (KOHA)
Suppress in OPAC 0
Holdings
Withdrawn status Lost status Source of classification or shelving scheme Damaged status Not for loan Home library Current library Shelving location Date acquired Total Checkouts Full call number Barcode Date last seen Copy number Price effective from Koha item type
    Dewey Decimal Classification     Virtual Virtual Online 13/10/2009   ONLINE PUBLICATION 148636-2001 06/08/2019 1 06/08/2019 Book